MARC

LEADER 00000nam0a2200000 4500
001 300959
005 20231102001343.0
020 |a RU  |b 83-20071 
035 |a (RuTPU)RU\TPU\book\326112 
090 |a 300959 
100 |a 20150721d1983 k a0rusy5003 ca 
101 0 |a rus 
102 |a RU 
105 |a a z 001zy 
200 1 |a Оптимизация проектных решений для сельских телефонных сетей  |f Ю. Н. Корнышев 
210 |a Москва  |c Радио и связь  |d 1983 
215 |a 136 с.  |c ил. 
320 |a Библиогр.: с. 132-134 
606 |a Телефонные сети, сельские  |x Электрические измерения  |x Проектирование  |2 stltpush  |3 (RuTPU)RU\TPU\subj\59344  |9 76904 
610 1 |a построение 
610 1 |a нумерация 
610 1 |a станции 
610 1 |a нагрузки 
610 1 |a прогноз 
610 1 |a обслуживание 
610 1 |a стационарное оборудование 
610 1 |a объем 
610 1 |a соединительные линии 
610 1 |a применение 
675 |a 621.395.74  |v 3 
700 1 |a Корнышев  |b Ю. Н.  |g Юрий Николаевич 
801 0 |a RU  |b RuMRKP  |c 19950704  |g psbo 
801 1 |a RU  |b 63413507  |c 20150721 
801 2 |a RU  |b 63413507  |c 20190215  |g RCR 
942 |c BK